| 000 | 00573nam a2200157Ia 4500 | ||
|---|---|---|---|
| 008 | 210716s2000 xx 000 0 und d | ||
| 020 | _a8178670437 | ||
| 041 | _aeng | ||
| 082 | _a005.131 ZEIB | ||
| 100 | _aZeigler, Bernard P; Praehofer, Herbert; Kim, Tag Gon. | ||
| 245 |
_aTheory of modeling and simulation: integrating discrete event and continuous complex dynamic systems. _bIntegrating discrete event and continuous complex dynamic systems. |
||
| 250 | _a2 | ||
| 260 |
_aNew Delhi _bAcademic Press _c2000 |
||
| 300 | _axxi,510 | ||
| 650 | _aSystem Analysis & Design | ||
| 999 |
_c189129 _d189129 |
||